| 000 | 00574nam a2200169Ia 4500 | ||
|---|---|---|---|
| 008 | 090711s9999 xx 000 0 und d | ||
| 082 | _b70314 | ||
| 100 | _aवाकडे विभा श. | ||
| 245 | _aजहाजाSाा किनारा हरवलाय | ||
| 260 | _c1992 | ||
| 300 | _a64 | ||
| 600 | _aवाकडे विभा श. | ||
| 630 | _aजहाजाSाा किनारा हरवलाय | ||
| 700 | _aवाकडे विभा श. | ||
| 730 | _aजहाजाSाा किनारा हरवलाय | ||
| 942 | _cBOOK | ||
| 999 |
_c302979 _d302979 |
||